<?xml version="1.0" encoding="UTF-8"?>
<record
    xmlns:xsi="http://www.w3.org/2001/XMLSchema-instance"
    xsi:schemaLocation="http://www.loc.gov/MARC21/slim http://www.loc.gov/standards/marcxml/schema/MARC21slim.xsd"
    xmlns="http://www.loc.gov/MARC21/slim">

  <leader>01267nam a22002657a 4500</leader>
  <controlfield tag="005">20170124102938.0</controlfield>
  <datafield tag="010" ind1=" " ind2=" ">
    <subfield code="a">B-138385</subfield>
  </datafield>
  <datafield tag="020" ind1=" " ind2=" ">
    <subfield code="c">300.00</subfield>
    <subfield code="a">8186880968</subfield>
  </datafield>
  <datafield tag="035" ind1=" " ind2=" ">
    <subfield code="a">B-138385</subfield>
  </datafield>
  <datafield tag="037" ind1=" " ind2=" ">
    <subfield code="b">Cen Lib/Ret</subfield>
  </datafield>
  <datafield tag="040" ind1=" " ind2=" ">
    <subfield code="a">DPL</subfield>
    <subfield code="b">HN</subfield>
  </datafield>
  <datafield tag="082" ind1=" " ind2=" ">
    <subfield code="a">370.19</subfield>
    <subfield code="b">&#x905;&#x92E;&#x94D;&#x92C;&#x937;&#x94D;&#x91F;</subfield>
  </datafield>
  <datafield tag="100" ind1=" " ind2=" ">
    <subfield code="a">&#x905;&#x92E;&#x94D;&#x92C;&#x937;&#x94D;&#x91F;, &#x928;&#x935;&#x932; &#x915;&#x93F;&#x936;&#x94B;&#x930; </subfield>
    <subfield code="9">47451</subfield>
  </datafield>
  <datafield tag="245" ind1=" " ind2=" ">
    <subfield code="a">&#x91C;&#x928; &#x91C;&#x93E;&#x924;&#x940;&#x92F; &#x936;&#x93F;&#x915;&#x94D;&#x937;&#x93E; :</subfield>
    <subfield code="c">&#x928;&#x935;&#x932; &#x915;&#x93F;&#x936;&#x94B;&#x930; &#x905;&#x92E;&#x94D;&#x92C;&#x937;&#x94D;&#x91F;</subfield>
    <subfield code="b">&#x91C;&#x94D;&#x935;&#x932;&#x928;&#x94D;&#x924; &#x938;&#x92E;&#x938;&#x94D;&#x92F;&#x93E;&#x90F;&#x901; /</subfield>
  </datafield>
  <datafield tag="246" ind1=" " ind2=" ">
    <subfield code="a"> Janjatiya shiksha : jwalant samsyayen /</subfield>
    <subfield code="b">by Naval Kishor Ambasht </subfield>
  </datafield>
  <datafield tag="260" ind1=" " ind2=" ">
    <subfield code="a">&#x928;&#x92F;&#x940; &#x926;&#x93F;&#x932;&#x94D;&#x932;&#x940; </subfield>
    <subfield code="b">&#x905;&#x930;&#x93E;&#x935;&#x932;&#x940; &#x92C;&#x941;&#x915;&#x94D;&#x938; &#x907;&#x928;&#x94D;&#x91F;&#x930;&#x928;&#x947;&#x936;&#x928;&#x932; </subfield>
    <subfield code="c">2003</subfield>
  </datafield>
  <datafield tag="270" ind1=" " ind2=" ">
    <subfield code="a">w-30, &#x913;&#x932;&#x94D;&#x916;&#x94D;&#x932;&#x93E; &#x907;&#x902;&#x921;&#x938;&#x94D;&#x91F;&#x94D;&#x930;&#x93F;&#x92F;&#x932; &#x90F;&#x930;&#x93F;&#x92F;&#x93E; </subfield>
    <subfield code="b">&#x928;&#x92F;&#x940; &#x926;&#x93F;&#x932;&#x94D;&#x932;&#x940; </subfield>
    <subfield code="e">110020</subfield>
  </datafield>
  <datafield tag="300" ind1=" " ind2=" ">
    <subfield code="a">125&#x92A;&#x943;. </subfield>
    <subfield code="c">21&#x938;&#x947;&#x92E;&#x940; (&#x938;&#x91C;&#x93F;&#x932;&#x94D;&#x926;)</subfield>
  </datafield>
  <datafield tag="500" ind1=" " ind2=" ">
    <subfield code="a">&#x938;&#x928;&#x94D;&#x926;&#x930;&#x94D;&#x92D; &#x936;&#x93E;&#x92E;&#x93F;&#x932; </subfield>
  </datafield>
  <datafield tag="650" ind1=" " ind2=" ">
    <subfield code="a">&#x91C;&#x928;&#x91C;&#x93E;&#x924;&#x940;&#x92F; &#x936;&#x93F;&#x915;&#x94D;&#x937;&#x93E; </subfield>
    <subfield code="9">239</subfield>
  </datafield>
  <datafield tag="650" ind1=" " ind2=" ">
    <subfield code="a">&#x930;&#x93E;&#x937;&#x94D;&#x91F;&#x94D;&#x930;&#x940;&#x92F; &#x936;&#x93F;&#x915;&#x94D;&#x937;&#x93E; &#x928;&#x940;&#x924;&#x93F;</subfield>
    <subfield code="9">4923</subfield>
  </datafield>
  <datafield tag="650" ind1=" " ind2=" ">
    <subfield code="a">Tribal Education</subfield>
    <subfield code="9">47452</subfield>
  </datafield>
  <datafield tag="650" ind1=" " ind2=" ">
    <subfield code="a">National Education Policy</subfield>
    <subfield code="9">4921</subfield>
  </datafield>
  <datafield tag="942" ind1=" " ind2=" ">
    <subfield code="2">ddc</subfield>
    <subfield code="c">HN</subfield>
    <subfield code="h">370.19</subfield>
    <subfield code="m">&#x905;&#x92E;&#x94D;&#x92C;&#x937;&#x94D;&#x91F;</subfield>
  </datafield>
  <datafield tag="999" ind1=" " ind2=" ">
    <subfield code="c">112436</subfield>
    <subfield code="d">112436</subfield>
  </datafield>
  <datafield tag="952" ind1=" " ind2=" ">
    <subfield code="0">0</subfield>
    <subfield code="1">0</subfield>
    <subfield code="4">0</subfield>
    <subfield code="7">0</subfield>
    <subfield code="a">L</subfield>
    <subfield code="b">L</subfield>
    <subfield code="d">2015-08-08</subfield>
    <subfield code="e">Cen Lib/Ret</subfield>
    <subfield code="g">300.00</subfield>
    <subfield code="l">0</subfield>
    <subfield code="o">370.19 &#x905;&#x92E;&#x94D;&#x92C;&#x937;&#x94D;&#x91F;</subfield>
    <subfield code="p">B-138385</subfield>
    <subfield code="r">2015-08-08 00:00:00</subfield>
    <subfield code="t">1</subfield>
    <subfield code="v">300.00</subfield>
    <subfield code="w">2015-08-08</subfield>
    <subfield code="y">HN</subfield>
  </datafield>
</record>
